| 000 | 00479cam a22001934a 4500 | ||
|---|---|---|---|
| 005 | 20250605164301.0 | ||
| 008 | 250528s ||||||||||||||||||||||||d | ||
| 035 | _a22085 | ||
| 020 | _a9780857029911 | ||
| 040 |
_aGR-AtMCL _bgre _dGR-AtMCL _eAACR2 |
||
| 245 | 1 | _aYOUNG CHILDREN READING: AT HOME AND AT SCHOOL | |
| 250 | _a1 | ||
| 260 |
_bSage Publications, _c2011 |
||
| 300 | _a154 | ||
| 700 | 1 |
_aLevy Rachael _97961 |
|
| 942 | _cBK | ||
| 999 |
_c7141 _d7141 |
||